000 00716nam a2200181Ia 4500
999 _c39199
_d39199
003 GCL
005 20240530103420.0
008 140319s9999 xx 000 0 ara d
040 _aGCL /
_cGCL
082 0 4 _a224.2
_bخ إ
100 1 _aابن خالوية : ابوعبدالله الحسين بن احمد بن خالوية بن حمدانى الهمذانى
245 1 0 _aاعراب ثلاثين سوره من القران الكريم /
_cابن خالوية : ابوعبدالله الحسين بن احمد بن خالوية بن حمدانى الهمذانى
300 _a261 ص
650 0 4 _aالاسلام
650 0 4 _aاعراب القرأن
650 0 4 _aالقران - اعراب
942 _2ddc
_cBK